| 000 | 00427nam a22001697a 4500 | ||
|---|---|---|---|
| 005 | 20260401143459.0 | ||
| 020 | _a978-1-68285-738-0 | ||
| 041 | _aeng | ||
| 082 |
_223rd. _a410 _bORT |
||
| 100 | _aOrtega, Sasha | ||
| 245 |
_aIntroduction to linguistics _cSasha Orega |
||
| 260 |
_aNew York _bWillford Press _c2019 |
||
| 300 |
_aviii,,257p.; _c24cm. |
||
| 650 | _aLinguistics | ||
| 856 | _uwww.willfordpress.com | ||
| 942 | _cBK | ||
| 999 |
_c184580 _d184579 |
||